000 00647nam a22001817a 4500
005 20180426140712.0
010 _aENG-122679
020 _a9789386349309
_c895.00
035 _aEN-106211
037 _bDBAD/PUB.
082 _a657.3
100 _aAgarwal, Deepa
245 _aA complete guide to interim financial reporting with illustrative statements /
_cby Deepa Agarwal
260 _aNew Delhi
_bBloomsbury Publishing India Pvt. Ltd.,
_c2017
270 _aDDA Complex, LSC Building No. 4, Second Floor, Pocket C-6 & 7, Vasant Kunj,
_bNew Delhi
_e110070
300 v _axx, 418p.
_c22cm(pbk)
942 _2ddc
_cEN
_mAGA
_h657.3
999 _c151769
_d151769